Setkání východu se západem. Strategické řízení a inovace v mezinárodní perspektivě 1. sborník referátů 5
Salvato in:
| Natura: | Libro |
|---|---|
| Lingua: | ceco inglese russo |
| Pubblicazione: |
Praha
Dům techniky ČSVTS
1990
|
| Edizione: | 1. vyd. |
| Soggetti: | |
| Tags: |
Nessun Tag, puoi essere il primo ad aggiungerne!!
|
MARC
| LEADER | 00000nam a2200000 4500 | ||
|---|---|---|---|
| 001 | c003426 | ||
| 005 | 20221215114428.0 | ||
| 020 | |a 80-02-00663-1 | ||
| 041 | 0 | |a cze | |
| 041 | 0 | |a eng | |
| 041 | 0 | |a rus | |
| 044 | |a CZ | ||
| 245 | 1 | 0 | |a Setkání východu se západem. Strategické řízení a inovace v mezinárodní perspektivě |b 1. sborník referátů 5 |
| 250 | |a 1. vyd. | ||
| 264 | 1 | |a Praha |b Dům techniky ČSVTS |c 1990 | |
| 300 | |a 195 s. | ||
| 610 | 2 | 0 | |a hospodárstvo svetové |
| 610 | 2 | 0 | |a spolupráca hospodárska medzinárodná |
| 610 | 2 | 0 | |a riadenie strategické |
| 610 | 2 | 0 | |a manažment |
| 610 | 2 | 0 | |a inovácia |
| 610 | 2 | 0 | |a podnikanie |
| 610 | 2 | 0 | |a podnik priemyselný |
| 610 | 2 | 0 | |a hospodárstvo trhové |
| 610 | 2 | 0 | |a podnik súkromný |
| 610 | 2 | 0 | |a intervencionizmus štátny |
| 610 | 2 | 0 | |a riadenie kvality |
| 610 | 2 | 0 | |a plánovanie podnikové |
| 610 | 2 | 0 | |a zákazníci |